MARC details
| 000 -CABECERA |
| campo de control de longitud fija |
03375nam a22003017a 4500 |
| 003 - IDENTIFICADOR DEL NÚMERO DE CONTROL |
| campo de control |
DO-SdBNP |
| 005 - FECHA Y HORA DE LA ÚLTIMA TRANSACCIÓN |
| campo de control |
20250509140829.0 |
| 007 - CAMPO FIJO DE DESCRIPCIÓN FÍSICA--INFORMACIÓN GENERAL |
| campo de control de longitud fija |
ta |
| 008 - DATOS DE LONGITUD FIJA--INFORMACIÓN GENERAL |
| campo de control de longitud fija |
210910b2017 ||||| |||| 00| 0 spa d |
| 020 ## - NÚMERO INTERNACIONAL ESTÁNDAR DEL LIBRO |
| Número Internacional Estándar del Libro |
978-9945-423-40-2 |
| 040 ## - FUENTE DE LA CATALOGACIÓN |
| Centro catalogador/agencia de origen |
DO-SdBNP |
| Lengua de catalogación |
spa |
| Centro/agencia transcriptor |
BNPHU |
| 082 #4 - NÚMERO DE LA CLASIFICACIÓN DECIMAL DEWEY |
| Número de clasificación |
658 |
| Número de documento/Ítem |
J82c |
| Número de edición |
22 |
| 111 2# - ENTRADA PRINCIPAL--NOMBRE DE CONGRESO/REUNIÓN |
| Nombre de congreso/reunión o jurisdicción como elemento de entrada |
Jornada Científica Universidad-Empresa-Desarrollo |
| Número del congreso/reunión o número de parte o sección |
(2. : |
| Fecha del congreso/reunión |
2015 : |
| Sede del congreso/Lugar de la reunión |
Santo Domingo) |
| 9 (RLIN) |
80149 |
| 245 ## - MENCIÓN DE TÍTULO |
| Título |
Segunda Jornada Científica Universidad-Empresa-Desarrollo 2015 : |
| Resto del título |
profesores gestando conocimiento / |
| Mención de responsabilidad, etc. |
coordinación Aída Roca, Maías Bosch, Edgar Peña. |
| 260 ## - PUBLICACIÓN, DISTRIBUCIÓN, ETC. |
| Lugar de publicación, distribución, etc. |
Santo Domingo : |
| Nombre del editor, distribuidor, etc. |
Universidad APEC, |
| Fecha de publicación, distribución, etc. |
2017. |
| 300 ## - DESCRIPCIÓN FÍSICA |
| Extensión |
460 p. : |
| Otras características físicas |
il. ; |
| Dimensiones |
24 cm |
| 500 ## - NOTA GENERAL |
| Nota general |
Incluye referencias bibliográficas y notas al pie de las páginas |
| 505 0# - NOTA DE CONTENIDO CON FORMATO |
| Nota de contenido con formato |
Caracterización del intercambio formal e informal entre la República Dominicana y la República de Haití: 2007-2013 13 -- El cuadro de mando integral y la revisión de las crisis de desempeño empresarial: una aplicación empírica en las empresas distribuidores de electricidad de la República Dominicana 49 -- Factores de riesgo exógeno de las empresas dominicanas y rentabilidad sectorial ajustada al riesgo: un estudio de datos de panel 97 -- Redes convergentes ópticas hacia una inteligencia de negocios. Caso de estudio: empresa de transmisión eléctrica dominicana (ETED) 145 -- Una alianza para aumentar la competitividad y el desarrollo humano: las universidades y las empresas culturales 179 -- Modelo de desarrollo económico y deuda pública de República Dominicana. Conceptos sobre el cambio y las reformas necesarias 221 -- Uso de las herramientas de simulación en UNAPEC para el desarrollo de capacidades gerenciales orientadas a la productividad y a los negocios 259 -- La inclusión del mLearning en la práctica pedagógica de los docentes de la Universidad APEC 285 -- La formación y desarrollo de la competencia gestionar conocimientos, una responsabilidad social de las instituciones universitarias, hacia la competitividad organizacional local e internacional 321 -- Peer coaching, una estrategia para aumentar la productividad empresarial. Caso práctico de la escuela de idiomas de UNAPEC 345 -- Diseño en el aula de una campaña institucional aplicada al aprendizaje basado en proyectos, en la asignatura publicidad II (ART-162): relevancia para la formación de competencias y habilidades de negocios en marketing y comunicación 359 -- Estudio de oportunidades de las monedas virtuales como medio de pago en República Dominicana. El caso de la empresa Host.do 385 -- Legislación penal nacional e internacional en la protección de los derechos de niños, niñas y adolescentes en condición de víctimas invisibles, con padres o tutores privados de libertad. Un análisis exploratorio de conceptos fundamentales y legislación comparada 421 |
| 590 ## - NOTA LOCAL (RLIN) |
| Nota local |
Inventariado, 2021 / DG |
| 650 #4 - PUNTO DE ACCESO ADICIONAL DE MATERIA--TÉRMINO DE MATERIA |
| Término de materia o nombre geográfico como elemento de entrada |
Administración de empresarias |
| Subdivisión geográfica |
República Dominicana |
| Subdivisión de forma |
Congresos, conferencias, etc. |
| 9 (RLIN) |
79830 |
| 650 #4 - PUNTO DE ACCESO ADICIONAL DE MATERIA--TÉRMINO DE MATERIA |
| Término de materia o nombre geográfico como elemento de entrada |
Planificación empresarial |
| Subdivisión de forma |
Congresos, conferencias, etc. |
| 9 (RLIN) |
80150 |
| 650 #0 - PUNTO DE ACCESO ADICIONAL DE MATERIA--TÉRMINO DE MATERIA |
| Término de materia o nombre geográfico como elemento de entrada |
Tecnología educativa |
| 9 (RLIN) |
18772 |
| 651 #4 - PUNTO DE ACCESO ADICIONAL DE MATERIA--NOMBRE GEOGRÁFICO |
| Nombre geográfico |
República Dominicana |
| Subdivisión general |
Condiciones económicas |
| Subdivisión de forma |
Congresos, conferencias, etc. |
| 9 (RLIN) |
7000 |
| 700 ## - PUNTO DE ACCESO ADICIONAL--NOMBRE DE PERSONA |
| Nombre de persona |
Bosch, Matias, |
| Término indicativo de función/relación |
coord. |
| 9 (RLIN) |
72665 |
| 700 1# - PUNTO DE ACCESO ADICIONAL--NOMBRE DE PERSONA |
| Nombre de persona |
Peña, Edgar, |
| Término indicativo de función/relación |
coord. |
| 9 (RLIN) |
79832 |
| 910 ## - DATOS DE OPCIÓN DEL USUARIO (OCLC) |
| Datos de opción del usuario |
D/G/Validado. Control de calidad MFF |
| 942 ## - ELEMENTOS DE PUNTO DE ACCESO ADICIONAL (KOHA) |
| Fuente del sistema de clasificación o colocación |
Dewey Decimal Classification |
| Tipo de ítem Koha |
Libro |